Central Library OPAC University of Rajshahi

Spiritual authority and temporal power in the Indian theory of government / (Record no. 51134)

MARC details
000 -LEADER
fixed length control field 00698nam a2200217 a 4500
001 - CONTROL NUMBER
control field 51134
003 - CONTROL NUMBER IDENTIFIER
rucl marc code BD-RjUL
005 - DATE AND TIME OF LATEST TRANSACTION
control field 20211209075620.0
008 - FIXED-LENGTH DATA ELEMENTS--GENERAL INFORMATION
fixed length control field 160829s1942 enk a 000 0 eng
035 ## - SYSTEM CONTROL NUMBER
System control number (BD-RjUL)51254
040 ## - CATALOGING SOURCE
Original cataloging agency DLC
Transcribing agency DLC
Modifying agency DLC
-- BD-RjUL
Language of cataloging eng
041 ## - LANGUAGE CODE
Language code of text/sound track or separate title eng
082 ## - DEWEY DECIMAL CLASSIFICATION NUMBER
Edition number 23
Classification number 320
Author mark and year COS 1967
100 10 - MAIN ENTRY--PERSONAL NAME
Personal name Coomaraswamy, Ananda K.
Dates associated with a name 1877-1947.
9 (RLIN) 152972
245 10 - TITLE STATEMENT
Title Spiritual authority and temporal power in the Indian theory of government /
Statement of responsibility, etc. by Ananda K. Coomaraswamy.
260 ## - PUBLICATION, DISTRIBUTION, ETC. (IMPRINT)
Place of publication, distribution, etc. New York :
Name of publisher, distributor, etc. Kraus reprint cor.
Date of publication, distribution, etc. 1967
300 ## - PHYSICAL DESCRIPTION
Pagination iv, 87 p. ;
Size 26 cm.
650 #0 - SUBJECT ADDED ENTRY--TOPICAL TERM
Topical term or geographic name as entry element Political science
Geographic subdivision India
General subdivision History.
9 (RLIN) 132102
942 ## - ADDED ENTRY ELEMENTS (KOHA)
Source of classification or shelving scheme Dewey Decimal Classification
Koha item type Books
Holdings
Lost status Source of classification or shelving scheme Damaged status Not for loan Collection code Permanent Location Current Location Shelving location Date acquired Source of acquisition Cost, normal purchase price Total Checkouts Full call number Date last seen Copy number Koha item type
  Dewey Decimal Classification     Non-fiction Central Library, University of Rajshahi Central Library, University of Rajshahi   22/05/1968 Zeitlinger 43.00   320 COS 1967 29/08/2016 C-2 Books